Sports Quiz

Random Sports Quiz
Score 0/25 Timer 15:00
0 Plays Today
Question Answer Wrong Answers
Who did she defeat to win the RAW Women's Championship? Alexa Bliss
85.3%
Ronda Rousey
0%
Natalya
0%
Ruby Riott
0%
What brand is she assigned to? RAW
79.4%
SmackDown
2.9%
NXT
0%
NXT UK
0%
Who did she lose her championship to? Alexa Bliss
76.5%
Ronda Rousey
11.8%
Alicia Fox
0%
Mickie James
0%
What year was she drafted to RAW? 2016
67.6%
2017
17.6%
2015
0%
2018
0%
What wrestling family is she in? Anoa'i
64.7%
Johnson
11.8%
Uso
0%
Hart
0%
Which superstar was she supposed to be in an on-screen romance with? Enzo Amore
64.7%
Big Cass
8.8%
Big E
2.9%
EC3
0%
Which Survivor Series PPV did she become the sole survivor? 2018
61.8%
2017
11.8%
2016
2.9%
She never was sole survivor.
8.8%
When was Nia Jax's WWE 2K game debut? 2K17
61.8%
2K16
8.8%
2K15
2.9%
2K18
5.9%
Where is she billed from? San Diego, CA
58.8%
Santa Ana, CA
5.9%
San Francisco, CA
5.9%
Sacramento, CA
8.8%
How tall is she? 6'0'
58.8%
5'11
2.9%
5'10'
5.9%
6'1'
11.8%
Before wrestling, what was her job? Plus-size model
58.8%
Journalist
2.9%
Fashion designer
8.8%
Psychiatrist
5.9%
What number was she ranked in the PWI Female 50 in 2018? 8
55.9%
22
2.9%
20
17.6%
47
5.9%
Who was she trained by? WWE Performance Center
55.9%
The Rock
23.5%
Ata Johnson
2.9%
Rocky Maivia
2.9%
What number was Nia Jax in the Women's Royal Rumble? 22
52.9%
12
8.8%
2
8.8%
30
11.8%
What year was she signed to WWE? 2014
50%
2015
26.5%
2013
0%
2012
8.8%
Which season was she in Total Divas? 7
47.1%
8
20.6%
9
5.9%
6
5.9%
What year was she given the title of 'Most Overdue Yet-To-Be Title Holder of the Year'? 2017
44.1%
2018
26.5%
2016
14.7%
2015
2.9%
What country was Nia Jax born in? Australia
41.2%
USA
23.5%
Canada
2.9%
Samoa
14.7%
What is her religion? Christianity
41.2%
Catholicism
26.5%
Judaism
11.8%
Atheism
0%
What is her zodiac sign? Gemini
38.2%
Pisces
5.9%
Aquarius
5.9%
Scorpio
29.4%
Where did she grow up? Hawaii
38.2%
Australia
23.5%
Samoa
20.6%
Kansas
0%
Who created a song dedicated to her? Magneto Dayo
38.2%
Shorty Mack
17.6%
Cold 187um
11.8%
Pop-A-Lot
14.7%
What year was she named Rookie of the Year by PWI? 2016
32.4%
2017
20.6%
2015
20.6%
2014
8.8%
What was her original ring name? Zada
29.4%
Lina
8.8%
Nia Jax
14.7%
Lina Fanene
29.4%
How old is Nia Jax? 35
17.6%
34
47.1%
29
2.9%
31
11.8%
Remove Ads.
Support Sporcle.
Get the best of Sporcle when you Go Orange. This ad-free experience offers more features, more stats, and more fun while also helping to support Sporcle. Thank you for becoming a member.

You're not logged in!

Compare scores with friends on all Sporcle quizzes.
OR
Log In

Show Comments

Extras

Created Dec 18, 2018ReportNominate

Top Quizzes Today


Score Distribution

Your Account Isn't Verified!

In order to create a playlist on Sporcle, you need to verify the email address you used during registration. Go to your Sporcle Settings to finish the process.

Report this User

Report this user for behavior that violates our Community Guidelines.

Details: